000
00338nam a2200109Ia 4500
008
221009s9999 xx 000 0 und d
082
_a
398
100
_a
राय मन्मथ
_9
38927
245
0
_a
प्राचीन लोकोत्सव
260
_b
साहित्य भवन लिमिटेड
942
_c
BK
999
_c
64619
_d
64619